| 000 | 01067nam a2200241 a 4500 | ||
|---|---|---|---|
| 001 | ASIN0421947802 | ||
| 005 | 20170105102855.0 | ||
| 008 | 130827s2007 xxu eng d | ||
| 020 | _a0421947802 (paperback) | ||
| 020 | _a9780421947801 (paperback) | ||
| 040 | _a0 | ||
| 082 | _a345.42 | ||
| 100 | 1 | _aClarkson, C.M.V. | |
| 245 | 1 | 0 |
_aClarkson and keating criminal law : _btexts and materials / _cC.M.V. Clarkson, H.M. Keating, S. R. Cunningham. |
| 250 | _a6th ed. | ||
| 260 |
_a[S.l.] : _bSweet & Maxwell, _c2007. |
||
| 300 |
_a932 p. ; _c24 cm. |
||
| 520 | _aWritten specifically with the law undergraduate in mind, this easily digestible text examines the main principles and rules of the criminal law and explores the theoretical bases upon which they are founded - highlighting how the criminal law is inextricably linked to fundamental issues of moral philosophy and penology. | ||
| 700 | 1 | _aKeating, H.M. | |
| 700 | 1 | _aCunningham, S. R. | |
| 856 | 4 | 0 |
_3Amazon.com _uhttp://www.amazon.com/exec/obidos/ASIN/0421947802/chopaconline-20 |
| 942 |
_2ddc _cBK |
||
| 999 |
_c14429 _d14429 |
||